000 00221nam a22000857a 4500
100 _aAnsamma George
245 _aRubber boardinte thozhilaali kshema padhathikal
260 _bRubber, 669(February): 20-22.
_c2022
942 _cJS
999 _c75023
_d75023